000 01256nam a2200289 i 4500
001 14614
003 ES-MaACL
005 20250813110626.0
007 t|
008 990503s1999 sp ||||1| spa d
020 _a84-87136-89-3
080 _a73.046.3(460.288)(064.3)
080 _a745.55(460.288)(064.3)
100 1 _aGarcía-Sauco Beléndez, Luis G.
_955286
245 1 0 _aMarfiles
_b: eboraria religiosa histórica en la provincia de Albacete : [exposición de marfiles religiosos históricos en la provincia de Albacete, Museo de Albacete, 15 de enero-28 de febrero, 1999] /
_c[texto] Luis G. García-Saúco Beléndez.
260 _aAlbacete :
_bInstituto de Estudios Albacetenses "Don Juan Manuel",
_c1999.
300 _a104 p. :
_bil. col. ;
_c21 cm.
490 1 _aSerie III--Congresos, seminarios, exposiciones y homenajes ;
_v2
650 1 4 _aEscultura religiosa-
_zAlbacete-
_vExposiciones.
_912449
650 1 4 _aMarfiles-
_zAlbacete-
_vExposiciones.
_914774
655 7 _2tgfbne
_9193628
_aCatálogos de exposiciones
710 2 _aInstituto de Estudios Albacetenses.
_94884
830 0 0 _aCongresos, seminarios, exposiciones y homenajes
_v2
_9183060
852 _aES-MaACL
_jL-21797
_bR.127070
942 _2udc
999 _c14614
_d14614